000 00291nam a2200109Ia 4500
008 220204s9999 xx 000 0 und d
082 _a373.6(035)
_bPAU
100 _aPautler, A J
245 0 _aShop and laboratory instructors handbook
260 _aBoston
_bAllyn and Bacon
_c1978
942 _cBK
999 _c34458
_d34458